Excel 2013 snadno a rychle

Saved in:
Bibliographic Details
Main Author: Král, Mojmír
Format: Book
Language:Czech
Published: Praha GRADA Publishing 2013
Subjects:
Tags: Add Tag
No Tags, Be the first to tag this record!

MARC

LEADER 00000nam a2200000 4500
001 0222274
005 20240315114438.2
020 |a 978-80-247-4726-2 
041 0 |a cze 
044 |a CZ 
245 1 0 |a Excel 2013  |b snadno a rychle  |c Mojmír Král 
264 1 |a Praha  |b GRADA Publishing  |c 2013 
300 |a 144 s. 
610 2 0 |a programy počítačové 
610 2 0 |a spracovanie dát 
610 2 0 |a softvér 
100 1 |a Král, Mojmír